书目信息 |
| 题名: |
红楼梦案
|
|
| 作者: | 周策纵 著 | |
| 分册: | ||
| 出版信息: | 北京 文化艺术出版社 2005 |
|
| 页数: | 378页 | |
| 开本: | 21cm | |
| 丛书名: | 名家解读红楼梦 | |
| 单 册: | ||
| 中图分类: | I207.411-53 | |
| 科图分类: | ||
| 主题词: | 《红楼梦》研究--文集 | |
| 电子资源: | ||
| ISBN: | 7-5039-2626-0 | |
| 000 | 00874nam0 2200253 450 | |
| 001 | TS2006045227 | |
| 005 | 20061205140454.78 | |
| 010 | @a7-5039-2626-0@dCNY24.00 | |
| 100 | @a20060829d2005 em y0chiy0110 ea | |
| 101 | 0 | @achi |
| 102 | @aCN@b110000 | |
| 105 | @aa z 000yy | |
| 200 | 1 | @a红楼梦案@AHong Lou Meng An@e周策纵论红楼梦@EZhou Ce Zong Lun Hong Lou Meng@f周策纵著@FZhou Ce Zong Zhu |
| 210 | @a北京@c文化艺术出版社@d2005 | |
| 215 | @a378页@c图@d21cm | |
| 225 | 2 | @a名家解读红楼梦 |
| 330 | @a本书所收论文牵涉《红楼梦》研究的方面很广,但主要内容在于考证、文论和版本校勒几个领域的研究。 | |
| 410 | 0 | @12001 @a名家解读红楼梦 |
| 517 | 1 | @a周策纵论红楼梦@AZhou Ce Zong Lun Hong Lou Meng |
| 606 | @a《红楼梦》研究@x文集 | |
| 690 | @aI207.411-53@v4 | |
| 701 | 0 | @a周策纵@AZhou Ce Zong@4著 |
| 801 | 0 | @aCN@b中图数据@c20061205 |
| 905 | @a10447@dI207.411-53@e518 | |
| 红楼梦案:周策纵论红楼梦/周策纵著.-北京:文化艺术出版社,2005 |
| 378页:图;21cm.-(名家解读红楼梦) |
| ISBN 7-5039-2626-0:CNY24.00 |
| 本书所收论文牵涉《红楼梦》研究的方面很广,但主要内容在于考证、文论和版本校勒几个领域的研究。 |
| ● |
| 相关链接 |
|
|
|
|
正题名:红楼梦案
索取号:I207.411-53/518
 
预约/预借
| 序号 | 登录号 | 条形码 | 馆藏地/架位号 | 状态 | 备注 |
| 1 | 0612985 | 206129857 | 第一样本阅览室/ [索取号:I207.411-53/518] | 在馆 | |
| 2 | 0612986 | 206129866 | 第二借阅区/ [索取号:I207.411-53/518] | 在馆 | |
| 3 | 0612987 | 206129875 | 第二借阅区/ [索取号:I207.411-53/518] | 在馆 | |
| 4 | 0612988 | 206129884 | 第二借阅区/ [索取号:I207.411-53/518] | 在馆 | |
| 5 | 0612989 | 206129893 | 第二借阅区/ [索取号:I207.411-53/518] | 在馆 | |
| 6 | 0612990 | 206129900 | 第二借阅区/ [索取号:I207.411-53/518] | 在馆 |